Dojo wisdom for mothers : 100 simple ways to become a calmer, happier, more loving parent

Bibliographic Details
Main Author: Lawler, Jennifer
Format: Book
Published: New York : Panguin Compass , 2005
Subjects:

MARC

LEADER 00000cam a2200000 7i4500
001 0000012126
005 20071205.0
008 071204
020 |a 0142196347 
090 0 0 |a 796.8   |b LAW 
100 1 |a Lawler, Jennifer 
245 1 0 |a Dojo wisdom for mothers :   |b 100 simple ways to become a calmer, happier, more loving parent   |c Jennifer Lawler 
260 |a New York :   |b Panguin Compass ,   |c 2005 
650 0 |a Martial arts 
650 0 |a Parenting 
999 |a 0001003758   |b Book   |c Adult Collection   |e Cawangan Urban Transformation Centre 
999 |a 0001014344   |b Book   |c Adult Collection   |e Perbadanan Perpustakaan Awam Johor